Quiz o państwach#1 - Statystyki

Ogólne statystyki
  • Ten quiz został rozwiązany 82 razy
  • Średni wynik to 3 z 5
Statystyki odpowiedzi
Pytanie Odpowiedź % Poprawnych
Państwo na "o" Oman
100%
Sąsiad Gambii Senegal
61%
Państwo, które do 2018 roku nazywało się Suazi Eswatini
56%
Na jego teryrotorium leży Wielkie Jezioro Niewolnicze Kanada
45%
Państwo położone w całości ponad 1000 m.n.p.m Lesotho
26%
Nie znaleziono quizów pasujących do podanych kryteriów
Rozkład punktacji
Procent ludzi z każdym wynikiem
Percentyl według liczby udzielonych odpowiedzi
Twoja historia wyników
Nie rozwiązałeś tego quizu